000 01126cam a2200337 a 4500
001 4775347
003 ARRUPE
005 20220517093156.0
008 860402s1985 enka b 000 0 eng
010 _a 86139442
020 _a0905347579 (pbk.)
040 _aDLC
_cDLC
_dDLC
043 _af------
_af-sa---
050 0 0 _aHC800.Z9
_bF38 1985
082 0 0 _a363.8/096
_219
100 1 _aTimberlake, Lloyd.
_946816
245 1 0 _aAfrica in crisis :
_bthe causes, the cures of environmental bankruptcy /
_cby Lloyd Timberlake ; edited by Jon Tinker.
260 _aLondon ;
_bEarthscan Publications Ltd.,
_c1985.
300 _a232, [1] p. :
_bill. ;
_c21 cm.
490 0 _aAn Earthscan paperback
504 _aBibliography: p. 227-[233]
650 0 _aFamines
_zAfrica.
_946817
650 0 _aFood supply
_zAfrica.
_927086
650 0 _aLand use, Rural
_zAfrica.
_922152
650 0 _aPeasants
_zAfrica.
_951606
650 0 _aApartheid
_zSouth Africa.
650 0 _aAgriculture and state
_zAfrica.
_927085
700 1 _aTinker, Jon.
_951607
906 _a7
_bcbc
_corignew
_d2
_encip
_f19
_gy-gencatlg
942 _2lcc
_cMONOGRAPH
999 _c131433
_d131433